| 000 | 00516nam a2200181 i 4500 | ||
|---|---|---|---|
| 001 | 58387 | ||
| 003 | ES-MaACL | ||
| 005 | 20250916063041.0 | ||
| 007 | t| | ||
| 008 | 031022s1934 fr |||| | fre d | ||
| 100 | 1 |
_aDuhamel, Georges, _d1884-1966 _945938 |
|
| 245 | 1 | 0 |
_aDiscours aux mages / _cGeorges Duhamel. |
| 250 | _a15e éd. | ||
| 260 |
_aParís : _bÉditions du Siècle, _c1934 ( _eLiège : _fImp. G. Thone) |
||
| 300 |
_a276 p. ; _c19 cm. |
||
| 852 |
_aES-MaACL _jA-2128 |
||
| 999 |
_c58387 _d58387 |
||